Sankcie v obkľúčení energetickej spolupráce Európskej únie a Ruskej federácie

Analýza protekcionizmu a medzinárodných sankcií v kontexte vývoja vzájomných vzťahov medzi Európskou úniou a Ruskou federáciou. Tendencie obchodných vzťahov z hľadiska komoditnej štruktúry. Postavenie minerálnych palív v hospodárstve Ruskej federácie a zároveň vzájomnej interdependencie s EÚ z persp...

Descrizione completa

Salvato in:
Dettagli Bibliografici
Autore principale: Luptáková, Anabela, 1995-
Natura: Capitolo di libro
Lingua:slovacco
Soggetti:
Tags: Aggiungi Tag
Nessun Tag, puoi essere il primo ad aggiungerne!!

MARC

LEADER 00000naa$a2200000$$$4500
001 0260331
005 20240502074124.2
041 0 |a slo 
044 |a SK 
245 1 0 |a Sankcie v obkľúčení energetickej spolupráce Európskej únie a Ruskej federácie  |c Anabela Luptáková 
520 |a Analýza protekcionizmu a medzinárodných sankcií v kontexte vývoja vzájomných vzťahov medzi Európskou úniou a Ruskou federáciou. Tendencie obchodných vzťahov z hľadiska komoditnej štruktúry. Postavenie minerálnych palív v hospodárstve Ruskej federácie a zároveň vzájomnej interdependencie s EÚ z perspektívy strategického partnerstva. Využitie lineárneho modelu. 
610 2 0 |a partnerstvo strategické 
610 2 0 |a sankcie 
610 2 0 |a energetika 
610 2 0 |a spolupráca hospodárska medzinárodná 
610 2 0 |a vzťahy obchodné 
610 2 0 |a Európska únia 
610 2 0 |a Rusko 
100 1 |a Luptáková, Anabela, 1995-